Statistics for New Orleans Pelicans: Most Dunks Each Year

Click here to take the quiz!

General Stats

  • This quiz has been taken 29 times
    (15 since last reset)
  • The average score is 11 of 17

Answer Stats

Year Player Dunks % Correct
2012-2013Anthony Davis129
100%
2009-2010Emeka Okafor85
50%
2004-2005Chris Andersen69
42%
2006-2007Tyson Chandler125
42%
2002-2003Jamaal Magloire101
33%
2005-2006Desmond Mason52
25%
2011-2012Al-Farouq Aminu37
17%

Score Distribution

Percentile by Number Answered

Percent of People with Each Score

Your Score History

You have not taken this quiz since the last reset